Statistics for Top 15 Countries with Covid-19 Deaths - 1 September 2021

Click here to take the quiz!

General Stats

  • This quiz has been taken 15 times
  • The average score is 13 of 25

Answer Stats

country% Correct
United States
100%
United Kingdom
85%
France
77%
Germany
77%
India
77%
Mexico
77%
Russia
77%
Brazil
69%
Italy
69%
Argentina
62%
Spain
62%
Colombia
54%
Peru
54%
Indonesia
46%
Paraguay
38%
Belgium
31%
Bulgaria
31%
Croatia
31%
Czechia
31%
Hungary
31%
Iran
31%
Slovakia
31%
Slovenia
31%
Bosnia and
Herzegovina
15%
North Macedonia
15%

Score Distribution

Percentile by Number Answered

Percent of People with Each Score

Your Score History

You have not taken this quiz